Học tập theo đạo đức bác Hồ

Nội dung sách giới thiệu các lời hát dân gian mạng nội dung học tập theo tấm gương đạo đức Hồ Chí Minh. Các câu nói vần (tục ngữ thành ngữ) được nhắc đến thường xuyên có nội dung học tập theo tấm gương đạo đức Hồ Chín Minh....

Descripció completa

Guardat en:
Dades bibliogràfiques
Format: Llibre
Idioma:Undetermined
Publicat: Hà Nội Hội nhà văn 2019
Matèries:
Etiquetes: Afegir etiqueta
Sense etiquetes, Sigues el primer a etiquetar aquest registre!
Thư viện lưu trữ: Trung tâm Học liệu Trường Đại học Cần Thơ
LEADER 00965nam a2200193Ia 4500
001 CTU_236648
008 210402s9999 xx 000 0 und d
082 |a 324.2075092 
082 |b H419 
245 0 |a Học tập theo đạo đức bác Hồ 
245 0 |c Tòng Văn Hân (sưu tầm, biên dịch, giới thiệu) 
260 |a Hà Nội 
260 |b Hội nhà văn 
260 |c 2019 
520 |a Nội dung sách giới thiệu các lời hát dân gian mạng nội dung học tập theo tấm gương đạo đức Hồ Chí Minh. Các câu nói vần (tục ngữ thành ngữ) được nhắc đến thường xuyên có nội dung học tập theo tấm gương đạo đức Hồ Chín Minh. 
650 |a Hồ Chí Minh,Hồ Chí Minh 
650 |x Biography,Tiểu sử 
910 |b dqhieu 
980 |a Trung tâm Học liệu Trường Đại học Cần Thơ